| 000 | 00774 a2200253 4500 | ||
|---|---|---|---|
| 005 | 20250508102602.0 | ||
| 020 | _a0433142103 | ||
| 050 | 0 | 0 |
_aRG105 _bHEC 1974 |
| 100 | 1 | _aHector, Winifred. | |
| 245 | 1 | 0 |
_aModern gynaecology with obstetrics for nurses / _c Winifred Hector |
| 250 | _asixth | ||
| 264 |
_aLondon : _bHeinemann Medical, _c1974 |
||
| 300 |
_a309 pages _billustrations |
||
| 336 |
_3rdacontent _atext _btxt |
||
| 337 |
_2rdamedia _aunmediated _bn |
||
| 338 |
_2rdacarrier _avolume _bnc |
||
| 500 | _aIncludes index. | ||
| 650 | 0 | _aGynecologic nursing. | |
| 650 | 0 | _aMaternity nursing. | |
| 650 | 2 |
_aGynecologic diseases _xNursing. |
|
| 650 | 2 | _aObstetrical nursing. | |
| 700 | 1 |
_aBourne, Gordon, _ejoint author. |
|
| 942 |
_2lcc _cBK _esixthh _h157 _iHEC _k1974 |
||
| 999 |
_c11524 _d11524 |
||